LEADER 00611nam a2200169 i 4500 001 000000166442 003 CaOOAMICUS 005 20071112000000.0 008 071112n it u000 u ita u 013 $a143810 040 $aSeMil$bita 100 1 $aAlighieri, Dante,$d<1265-1321>.$0(OLS)http://semarc/name/453 245 10$aInferno. 773 0 $aAlighieri, Dante <1265-1321>$tDivina Commedia di Dante Alighieri.$dFirenze : Sansoni, 1947.$gVol.1$w()18725 850 $aSeMil 852 $aSeMil$W1$xVenegono$y1$m1N V 38$j117605$B117605$CSeMilBibl$Z2$F128287 $81 996 $6245$aInferno$9(OLS)http://semarc/title/59496 LEADER 00663nam a2200181 i 4500 001 000000220803 003 CaOOAMICUS 005 20130603000000.0 008 130603s1962 it u000 u ita u 013 $a199700 040 $aSeMil$bita 100 1 $aGambino, Amedeo.$0(OLS)http://semarc/name/77337 245 10$aEconomia creditizia /$cAmedeo Gambino. 300 $aXVI, 385 p. 773 0 $tTrattato italiano di economia.$dTorino : Unione Tipografico-Editrice Torinese, [196-?]$g12$w()14865 850 $aSeMil 852 $aSeMil$W1$xVenegono$y1$m3L IV 188$j171157$B171157$CSeMilBibl$Z2$F181709 $81 996 $6245$aEconomia creditizia$9(OLS)http://semarc/title/316602